O alcaide de Santarém | A dama pé de cabra (Registo nº 1133)
[ vista simples ]
| 000 -Etiqueta do registo | |
|---|---|
| Cabeçalho | 00815nam0a2200253 n 4500 |
| 005 - Identificador da versão | |
| Campo de controlo | 20240813121826.0 |
| 010 ## - Número internacional normalizado dos livros (ISBN) | |
| Número (ISBN) | 9726806763 |
| 021 ## - Número do Depósito Legal | |
| Código do país | PT |
| Número | 246729/06 |
| 100 ## - Dados gerais de processamento | |
| Dados gerais de processamento | 20150313d2006 em y0pory5003 ba |
| 102 ## - Pais de publicação ou produção | |
| País de publicação | Portugal |
| 101 0# - Língua de publicação | |
| Língua do texto, banda sonora, etc. | Português |
| 215 ## - Descrição física | |
| Indicação específica da natureza do documento e extensão da espécie | 112 p. |
| Outras indicações físicas | il. color |
| 200 1# - Titulo e menção de responsabilidade | |
| Título próprio | O alcaide de Santarém |
| -- | A dama pé de cabra |
| Primeira menção de responsabilidade | Alexandre Herculano |
| Outras menções de responsabilidade | introd., notas, orient. de leitura, selec. textos e cronologia de Madalena Dine |
| 225 2# - Colecção | |
| Título próprio da colecção | 1001 livros |
| Indicação de volume | 07 |
| 210 ## - Publicação, Distribuição, etc. | |
| Lugar da edição, distribuição, etc. | Lisboa |
| Nome do editor, distribuidor, etc. | Lisboa Ed. |
| Data da publicação, distribuição, etc. | 2006 |
| 606 ## - Nome comum usado como assunto | |
| Número de registo de entrada de autoridade | 0002010 |
| Palavra de ordem | Literatura portuguesa |
| Subdivisão de assunto | Conto |
| Código do sistema | CA |
| 675 ## - Classificação Decimal Universal (CDU) | |
| Notação | 821.134.3-34 |
| Edição | 3ª ed. |
| Língua da edição | por |
| 702 #1 - Nome de autor-pessoa física (responsabilidade secundária) | |
| Número de registo de entrada de autoridade | 0001541 |
| Palavra de ordem | Dine |
| Outra parte do nome não tomada para palavra de ordem | Madalena |
| Código de função | Editor literário / Coordenador |
| 700 #1 - Nome de autor-pessoa física (responsabilidade principal) | |
| Número de registo de entrada de autoridade | 0001540 |
| Palavra de ordem | Herculano |
| Outra parte do nome não tomada para palavra de ordem | Alexandre |
| Datas | 1810-1877 |
| 966 ## - Identificação da Biblioteca | |
| Sigla | EB2,3ENM |
| 942 ## - Elementos de entrada adicionados (Koha) | |
| Tipo de item no Koha | Livro |
| Situação do levantamento | Origin of item (home branch) (coded) | Biblioteca de empréstimo | Código de barras | Cota | Circulation type (not for loan) | Tipo de documento | Nota do exemplar | Damaged status |
|---|---|---|---|---|---|---|---|---|
| Biblioteca Escolar Eng. Nuno Mergulhão | Biblioteca Escolar Eng. Nuno Mergulhão | BENM2066 | 82LP-34 HER | Livro | Sem mensagem |
